| Tag |
First Indicator |
Second Indicator |
Subfields |
| LEADER |
00000cas a2200000 a 4500 |
| 001 |
in00000085920 |
| 005 |
20151008064345.0 |
| 008 |
790326d17851789enkuu i 0uuua0engmd |
| 010 |
|
|
|a 84645102
|
| 022 |
|
|
|a 0260-0668
|
| 035 |
|
|
|a (OCoLC)04782771
|
| 035 |
|
|
|9 AAK4029AM
|
| 040 |
|
|
|a PAU
|c PAU
|d HUL
|d DLC
|d HUL
|d DLC
|d HUL
|d NST
|d TXA
|d UtOrBLW
|
| 042 |
|
|
|a lc
|
| 049 |
|
|
|a TXAI
|
| 090 |
|
|
|a AI21
|b .T44
|
| 130 |
0 |
|
|a Times index (Reading, England : 1785)
|
| 245 |
1 |
4 |
|a The Times index.
|
| 264 |
|
1 |
|a Reading, Eng. :
|b Newspaper Archive Developments,
|c ©1978-©1981.
|
| 300 |
|
|
|a 5 volumes ;
|c 25 cm.
|
| 336 |
|
|
|a text
|b txt
|2 rdacontent
|
| 337 |
|
|
|a unmediated
|b n
|2 rdamedia
|
| 338 |
|
|
|a volume
|b nc
|2 rdacarrier
|
| 362 |
0 |
|
|a 1785-1789.
|
| 500 |
|
|
|a Indexes the predecessor of the Times, the Daily universal register, 1785-1787. Indexes The Times, 1788-1790.
|
| 500 |
|
|
|a Indexes for 1790- published by Samuel Palmer with title, Palmer's Index to the Times Newspaper.
|
| 650 |
|
0 |
|a Newspapers
|v Indexes.
|
| 630 |
0 |
0 |
|a Daily universal register
|v Indexes.
|
| 630 |
0 |
0 |
|a Times (London, England)
|v Indexes.
|
| 730 |
0 |
|
|a Daily universal register.
|
| 730 |
0 |
|
|a Times (London, England)
|
| 999 |
|
|
|a MARS
|
| 999 |
f |
f |
|s 1264aeca-112f-38cf-bf97-de1deb4de05d
|i cea66e16-8aca-3af7-9673-154973e2d12a
|t 0
|
| 952 |
f |
f |
|p 4_hour
|a Texas A&M University
|b College Station
|c Sterling C. Evans Library
|d Evans: Microforms Reference (3rd floor)
|t 0
|e AI21 .T44
|h Library of Congress classification
|i unmediated -- volume
|l 1786
|m A14818587110
|
| 952 |
f |
f |
|p 4_hour
|a Texas A&M University
|b College Station
|c Sterling C. Evans Library
|d Evans: Microforms Reference (3rd floor)
|t 0
|e AI21 .T44
|h Library of Congress classification
|i unmediated -- volume
|l 1787
|m A14818587128
|
| 952 |
f |
f |
|p 4_hour
|a Texas A&M University
|b College Station
|c Sterling C. Evans Library
|d Evans: Microforms Reference (3rd floor)
|t 0
|e AI21 .T44
|h Library of Congress classification
|i unmediated -- volume
|l 1788
|m A14807623123
|
| 952 |
f |
f |
|p 4_hour
|a Texas A&M University
|b College Station
|c Sterling C. Evans Library
|d Evans: Microforms Reference (3rd floor)
|t 0
|e AI21 .T44
|h Library of Congress classification
|i unmediated -- volume
|l 1789
|m A14818587136
|
| 952 |
f |
f |
|p 4_hour
|a Texas A&M University
|b College Station
|c Sterling C. Evans Library
|d Evans: Microforms Reference (3rd floor)
|t 0
|e AI21 .T44
|h Library of Congress classification
|i unmediated -- volume
|l 1785
|m A14818587102
|
| 998 |
f |
f |
|a AI21 .T44
|s 1785-1789
|t 0
|l Evans: Microforms Reference (3rd floor)
|